La Superintendencia de educación pública
Đã lưu trong:
| Định dạng: | Sách |
|---|---|
| Ngôn ngữ: | Tiếng Tây Ban Nha |
| Được phát hành: |
Santiago
Universitaria
1954
|
| Loạt: | Documentos, 1
|
| Những chủ đề: | |
| Các nhãn: |
Thêm thẻ
Không có thẻ, Là người đầu tiên thẻ bản ghi này!
|
MARC
| LEADER | 00000nam a2200000 a 4500 | ||
|---|---|---|---|
| 001 | UCU1114 | ||
| 003 | CL-VaPUC | ||
| 008 | 960329e19540000CL |||||||||||||||||spa|d | ||
| 082 | 0 | 4 | |a 371.01 |b LAS |2 21 |
| 245 | 1 | 3 | |a La Superintendencia de educación pública |
| 300 | |a 93 p | ||
| 942 | |c BK | ||
| 945 | |d 19960329 00:00:00 |a lriquelm | ||
| 260 | |a Santiago |b Universitaria |c 1954 | ||
| 650 | 0 | |a Educación pública |9 309676 | |
| 650 | 0 | |a Historia de la educación |9 257642 | |
| 650 | 7 | |a LEGISLACION EDUCACIONAL |2 CL-VaPUC |9 339222 | |
| 651 | 7 | |a CHILE |2 CL-VaPUC |9 356716 | |
| 583 | |a last modification |c 20170829 01:21:38 |k Rodrigo Vera | ||
| 490 | 0 | |a Documentos, 1 | |
| 999 | |c 245857 |d 245855 | ||
| 952 | |0 0 |1 0 |4 0 |6 371_010000000000000_LAS_1954 |7 0 |8 P |9 260469 |a BIBEDU |b BIBEDU |c BIBEDU_PB |d 2019-11-19 |i 1623222 |o 371.01 LAS 1954 |p 1623222 |r 2024-01-25 |w 2019-11-19 |y BK |k EDU | ||